[Event "THA-ch"]
[Site "Bangkok"]
[Date "2021.11.07"]
[Round "6"]
[White "Laosaengpha, Napat"]
[Black "Sela, Prajak"]
[Result "1-0"]
[WhiteElo "1535"]
[BlackElo "1514"]
[PlyCount "153"]
[EventDate "2021.11.05"]
[EventType "swiss"]
[EventRounds "9"]
[EventCountry "THA"]
[SourceTitle "CBM 205 Extra"]
[Source "ChessBase"]
[SourceDate "2022.01.31"]
[SourceVersion "1"]
[SourceVersionDate "2022.01.31"]
[SourceQuality "1"]

1. d4 Nf6 2. c4 e6 3. Nc3 d5 4. cxd5 exd5 5. Bg5 Be7 6. e3 0-0 7. Bd3 Nc6 8. Rc1 Re8 9. Bxf6 Bxf6 10. Qh5 g6 11. Qxd5 Nxd4 12. Qxd8 Bxd8 13. Kf1 Nf5 14. Nf3 c6 15. g3 Bf6 16. Kg2 Be6 17. Ne4 Bg7 18. b3 Rad8 19. Rhd1 Ne7 20. Neg5 Bc8 21. Bc4 Rxd1 22. Bxf7+ Kh8 23. Rxd1 Rf8 24. Be6 Nd5 25. Bxd5 cxd5 26. Rxd5 h6 27. Ne4 b6 28. Nfd2 Bf5 29. f3 Rc8 30. g4 Be6 31. Rd6 Re8 32. Rc6 Re7 33. h3 Kh7 34. Nc4 Bd5 35. Nf6+ Bxf6 36. Rxf6 Bxc4 37. bxc4 Kg7 38. Rd6 Rxe3 39. Rd7+ Kf6 40. Rxa7 Rc3 41. Ra6 Rxc4 42. Rxb6+ Kg5 43. Kg3 h5 44. h4+ Kh6 45. gxh5 Kxh5 46. Rb8 Kh6 47. Ra8 Kg7 48. a4 Rc1 49. Kf4 Rh1 50. Kg3 Rg1+ 51. Kf2 Rh1 52. Kg3 Rg1+ 53. Kh2 Rf1 54. Kg2 Ra1 55. a5 Ra4 56. Kg3 Ra1 57. Ra6 Rg1+ 58. Kf2 Rh1 59. Kg3 Rg1+ 60. Kh2 Rf1 61. Ra7+ Kh6 62. Kg2 Ra1 63. a6 Ra2+ 64. Kg3 Ra1 65. Kf4 Ra4+ 66. Ke5 Rxh4 67. Rf7 Ra4 68. a7 g5 69. Kd5 Kg6 70. Rc7 Ra1 71. Kc6 Kf6 72. Kb7 Rb1+ 73. Kc8 Ra1 74. Kb8 Kf5 75. a8Q Rxa8+ 76. Kxa8 Kf4 77. Rf7+ 1-0

[Event "THA-ch"]
[Site "Bangkok"]
[Date "2021.11.05"]
[Round "2"]
[White "Laosaengpha, Napat"]
[Black "Wattanarat, Pasawon"]
[Result "0-1"]
[WhiteElo "1535"]
[BlackElo "1923"]
[PlyCount "72"]
[EventDate "2021.11.05"]
[EventType "swiss"]
[EventRounds "9"]
[EventCountry "THA"]
[SourceTitle "CBM 205 Extra"]
[Source "ChessBase"]
[SourceDate "2022.01.31"]
[SourceVersion "1"]
[SourceVersionDate "2022.01.31"]
[SourceQuality "1"]

1. d4 Nf6 2. c4 e6 3. Nc3 Bb4 4. e3 Ne4 5. Qc2 f5 6. Bd3 b6 7. Bxe4 fxe4 8. Qxe4 0-0 9. Nf3 d5 10. Qc2 dxc4 11. h4 h6 12. e4 Bb7 13. Be3 Nd7 14. Ng5 hxg5 15. hxg5 Kf7 16. e5 Bxg2 17. Rh7 Rg8 18. Qe2 Be4 19. Rh4 Bd3 20. Qh5+ g6 21. Qf3+ Bf5 22. 0-0-0 Bxc3 23. bxc3 Qf8 24. Rh7+ Rg7 25. Rdh1 Qa3+ 26. Kd2 Qb2+ 27. Kd1 Qb1+ 28. Kd2 Qc2+ 29. Ke1 Qb1+ 30. Ke2 Qd3+ 31. Ke1 Rag8 32. Qc6 Ke7 33. d5 Qxd5 34. Qxc7 Bg4 35. Bd4 Qe4+ 36. Be3 Qd3 0-1

[Event "Laos op"]
[Site "Vientiane"]
[Date "2018.01.04"]
[Round "2"]
[White "Tan, Yong Xi Rey Matthew"]
[Black "Laosaengpha, Napat"]
[Result "1/2-1/2"]
[WhiteElo "1081"]
[BlackElo "1517"]
[PlyCount "77"]
[EventDate "2018.01.03"]
[EventType "swiss"]
[EventRounds "9"]
[EventCountry "LAO"]
[SourceTitle "CBM 182 Extra"]
[Source "ChessBase"]
[SourceDate "2018.02.23"]
[SourceVersion "1"]
[SourceVersionDate "2018.02.23"]
[SourceQuality "1"]

1. Nf3 Nf6 2. g3 g6 3. Bg2 Bg7 4. 0-0 d5 5. d3 0-0 6. Nbd2 c5 7. c4 Nc6 8. a3 Re8 9. Rb1 a5 10. cxd5 Nxd5 11. Ne4 b6 12. Bd2 Ra7 13. Nc3 Nxc3 14. Bxc3 e5 15. Qc2 Nd4 16. Qd2 a4 17. Bxd4 exd4 18. Rfe1 Be6 19. Qf4 Rae7 20. Nd2 Bd7 21. Ne4 Bf5 22. Bf3 Qd7 23. h4 h5 24. b4 c4 25. Qd2 c3 26. Qc2 Be6 27. e3 Bb3 28. Qe2 Rc8 29. Rbc1 Rce8 30. Qf1 f5 31. Ng5 dxe3 32. fxe3 Rxe3 33. d4 Qxd4 34. Rxe3 Qxe3+ 35. Kh1 c2 36. Rxc2 Bxc2 37. Qc4+ Kh8 38. Nf7+ Kh7 39. Ng5+ 1/2-1/2

[Event "ASEAN-ch U18 17th"]
[Site "Dusit Thani"]
[Date "2016.05.30"]
[Round "1.7"]
[White "Nguyen, Tan Hoang Nam"]
[Black "Laosaengpha, Napat"]
[Result "1-0"]
[WhiteElo "2003"]
[BlackElo "1525"]
[PlyCount "63"]
[EventDate "2016.05.30"]
[EventType "swiss"]
[EventRounds "9"]
[EventCountry "THA"]
[SourceTitle "EXT 2024"]
[Source "ChessBase"]
[SourceDate "2023.10.10"]
[SourceVersion "1"]
[SourceVersionDate "2023.10.10"]
[SourceQuality "1"]

1. d4 d5 2. c4 e6 3. Nc3 c5 4. cxd5 exd5 5. Nf3 Nf6 6. Bg5 Be6 7. e3 c4 8. Bxf6 Qxf6 9. Qa4+ Nc6 10. Qb5 Bb4 11. Qxb7 Rc8 12. Be2 0-0 13. 0-0 Qg6 14. Rfc1 Rfd8 15. Kh1 Be7 16. Ne1 h5 17. Bf3 h4 18. Nxd5 Bxd5 19. Bxd5 Na5 20. Qxe7 Rxd5 21. Qxh4 Rc6 22. Nf3 Rh5 23. Qd8+ Kh7 24. Qb8 Rb6 25. Qxa7 Rxb2 26. Rf1 c3 27. Rae1 c2 28. Qc7 Rxa2 29. Ne5 Qh6 30. Nxf7 Rxh2+ 31. Qxh2 Qxh2+ 32. Kxh2 1-0